| 000 | 01306nam0a22002531 4500 | ||
|---|---|---|---|
| 001 | v19\rc\1226874 | ||
| 005 | 20060306172915.6 | ||
| 035 | _a(NLR Aleph) 004388118 | ||
| 090 |
_a3716188 _c3716188 |
||
| 100 | _a20060306d1879 |||y0rusy50 ca | ||
| 101 | 0 | _arus | |
| 102 | _aRU | ||
| 105 | _aa z ||||| | ||
| 200 | 1 |
_aУстройство нагревательных и вентиляционных приборов _eОтчет о Первой Специальной международной выставке по отоплению и вентиляции в городе Касселе в 1877 году _fСост. С.Б. Лукашевич, инж.-архитектор, инж. пут. сообщ., препод. отопления и вентиляции в Строительном училище |
|
| 210 |
_aСанкт-Петербург _cтип. Э. Гоппе _d1879 |
||
| 215 |
_a27 с., 8 л. ил. _d26 |
||
| 309 | _aБез тит. л. | ||
| 700 | 1 |
_aЛукашевич _bС. Б. _f1850 _gСильвиуш Болеславович _4220 |
|
| 712 | 1 | 2 |
_aМеждународная выставка по отоплению и вентиляции _d1 _f1877 _eКассель |
| 801 | 0 |
_aRU _bNLR _gpsbo |
|
| 801 | 1 |
_aRU _bProSoft-M _2rusmarc |
|
| 852 |
_aNLR _j18.136.3.170 |
||
| 942 | _cBOOK | ||
| 980 | _aNB | ||